Statistics for Can you survive in the wilderness?

Click here to take the quiz!

General Stats

  • This quiz has been taken 60 times
  • The average score is 11 of 17

Answer Stats

QuestionAnswer% Correct
Which of the following can kill you?hypothermia
96%
What everyday object is used to signal for help in emergency situations?mirror
92%
When choosing a shelter location, which of the following should you avoid?Both are hazardous and should be avoided.
90%
What should you NOT drink if you're dehydrated?salt water
90%
How many days can the human body live without water?3 days
87%
Making a blade can be essential in survival. Which of the following is an essential tool to make a blade?rocks
87%
If your feet stay wet for a prolonged period, you can develop immersion foot or:trench foot
87%
In a survival scenario, you should avoid eating insects that ____.are brightly colored or pungent
79%
John Rambo popularized what survival tool in the film "First Blood"?survival knife
73%
What color flare should you signal to indicate an emergency?red
62%
When searching for edible plants, avoid:all of the above
60%
What's the most important survival tool for a novice in a jungle scenario?water filter
52%
What's the easiest way for novice to catch fish in a survival situation?spear fishing
35%
What's the emergency smoke signal to send if you're in trouble?bursts of three quick puffs
33%
What unlikely object can you make fire from?ice
25%
How long can a healthy human go without food as long as they have water?eight weeks
17%
To avoid hypothermia, which of the following is a great way to generate heat?sweet liquids
10%

Score Distribution

Percentile by Number Answered

Percent of People with Each Score

Your Score History

You have not taken this quiz